000 00818nam a2200277 i 4500
003 DO-SdBNP
005 20250514114115.0
007 ta
008 250514e2019 dr ac||| |||| 00| 0 spa d
040 _aDO-SdBNP
_bspa
_cBNPHU
_erda
041 _hspa
082 4 _axxx
_bM394
_222
110 _987579
245 1 0 _aMás mujeres, más candidatas :
_bfolleto informativo para la participación política de las mujeres en la República Dominicana
264 1 _aSanto Domingo :
_bCámara de Diputados,
_c2019
300 _a30 páginas :
_bilustraciones ;
_c22 cm.
336 _atexto
_btxt
_2rdacontent
337 _asin mediación
_bn
_2rdamedia
338 _avolumen
_bnc
_2rdacarrier
590 _aInventariado 2025/ DG
650 4 _913968
650 4 _92526
650 4 _92086
910 _aDG
942 _2ddc
_cLBS1
999 _c59030
_d59030